000 00725cam a2200217 a 4500
003 OSt
005 20260422100226.0
008 940512s1993 ii 000 0 eng
020 _a8185094667
040 _cHDL
082 0 0 _a294.5 N3
100 1 _aShah, Priyabala,
_d1920-
_91235329
245 1 0 _aPauranic ritualism of the fifth century (Sri Viṣṇudharmottara) /
_cPriyabala Shah.
260 _aCalcutta :
_bPunthi Pustak,
_c1993.
300 _axxiii, 519 p.
520 _aStudy of the Hindu rituals with special reference to Viṣṇudharmottarapurāṇa.
650 0 _aHinduism
730 0 _aPuranas.
_pViṣṇudharmottarapurāṇa.
_lEnglish.
_f1993.
_91235330
942 _2CC
_cTEXL
_n0
999 _c1848362
_d1848362